[Event "ChFraVétérans2011"]
[Site "Caen"]
[Date "2011.08.27"]
[Round "11.7"]
[White "Rosenfeld, Imre"]
[Black "Gibson, John"]
[Result "1-0"]
[WhiteElo "1905"]
[BlackElo "1865"]
[PlyCount "63"]
[EventDate "2011.??.??"]

1. d4 Nf6 2. Nf3 g6 3. Bg5 Bg7 4. Nbd2 d6 5. c3 Nbd7 6. e4 h6 7. Bh4 g5 8. Bg3
c5 9. Qa4 O-O 10. Bd3 Nb6 11. Qd1 Bg4 12. Qe2 cxd4 13. cxd4 Rc8 14. h4 Bxf3 15.
gxf3 Qc7 16. Kf1 g4 17. fxg4 Qd7 18. f3 Nh7 19. Bf2 e5 20. d5 Qe7 21. Kg2 Nd7
22. Nf1 Kh8 23. Ne3 Rg8 24. Nf5 Qf8 25. Rac1 Rxc1 26. Rxc1 Nhf6 27. Kh3 Kh7 28.
Qc2 Bh8 29. Qc7 h5 30. g5 Ng4 31. fxg4 hxg4+ 32. Kg3 1-0

[Event "ChFraVétérans2011"]
[Site "Caen"]
[Date "2011.08.27"]
[Round "11.8"]
[White "Guillaumat, Jean-Pierre"]
[Black "Tilquin, Jean-Pierre"]
[Result "0-1"]
[WhiteElo "1898"]
[BlackElo "1974"]
[PlyCount "74"]
[EventDate "2011.??.??"]

1. d4 Nf6 2. Nf3 g6 3. Bf4 Bg7 4. e3 c5 5. c3 b6 6. dxc5 bxc5 7. Nbd2 O-O 8.
Be2 d6 9. O-O Bf5 10. h3 Nc6 11. Nh4 Be6 12. e4 Qb6 13. Qc1 Rfb8 14. Rb1 Bxa2
15. Qc2 Bxb1 16. Rxb1 a5 17. Nhf3 Nd7 18. Bc4 Nde5 19. Bd5 Nxf3+ 20. gxf3 e6
21. Nc4 Qa6 22. Bxc6 Qxc6 23. Bxd6 Rd8 24. Be5 Qb5 25. b3 Bxe5 26. Nxe5 Rab8
27. c4 Qb6 28. Ra1 Qxb3 29. Qxb3 Rxb3 30. Rxa5 f6 31. Nc6 Rd2 32. Rxc5 Rxf3 33.
Rb5 Rfxf2 34. c5 Rb2 35. Nd4 Rxb5 36. Kxf2 Rxc5 37. Nxe6 Re5 0-1

[Event "ChFraVétérans2011"]
[Site "Caen"]
[Date "2011.08.27"]
[Round "11.9"]
[White "Mounier, Michel"]
[Black "Cousin, Philippe"]
[Result "1-0"]
[WhiteElo "1829"]
[BlackElo "1953"]
[PlyCount "85"]
[EventDate "2011.??.??"]

1. e4 c6 2. d4 d5 3. e5 Bf5 4. h4 h5 5. Nc3 e6 6. Bd3 Bxd3 7. Qxd3 a6 8. Nf3 c5
9. Ne2 Nc6 10. c3 Nge7 11. Bg5 c4 12. Qc2 b5 13. O-O Qd7 14. Ng3 Ng6 15. Ne2
Be7 16. Nf4 Nxf4 17. Bxf4 O-O-O 18. Rfe1 Rdg8 19. Ng5 Bxg5 20. Bxg5 Qb7 21. Qe2
Ne7 22. b3 Nf5 23. bxc4 dxc4 24. Qe4 Qxe4 25. Rxe4 Kd7 26. Rb1 Rb8 27. Re2 Ne7
28. Bxe7 Kxe7 29. Reb2 Rhd8 30. a4 Rd5 31. Kf1 Kd7 32. Ke2 Kc6 33. Ke3 Rd7 34.
Ra2 Rdb7 35. axb5+ axb5 36. Ra6+ Rb6 37. Ra7 R8b7 38. Ra8 b4 39. Rc8+ Rc7 40.
Rxc7+ Kxc7 41. Rxb4 Rc6 42. Ke4 f5+ 43. Kf4 1-0

[Event "ChFraVétérans2011"]
[Site "Caen"]
[Date "2011.08.27"]
[Round "11.10"]
[White "Cortes, Jaime"]
[Black "Montanelli, Tristan"]
[Result "0-1"]
[WhiteElo "1943"]
[BlackElo "1652"]
[PlyCount "72"]
[EventDate "2011.??.??"]

1. d4 d5 2. c4 e6 3. Nc3 c5 4. e3 Nf6 5. g3 cxd4 6. exd4 dxc4 7. Bxc4 Bb4 8.
Nge2 Nc6 9. O-O O-O 10. Bg5 Be7 11. Bb3 e5 12. Bxf6 Bxf6 13. d5 Na5 14. Ne4 b6
15. N2c3 Ba6 16. Re1 Nb7 17. Qf3 Be7 18. Rad1 Nd6 19. Nd2 f6 20. Rc1 Rc8 21.
Nde4 f5 22. Nxd6 Qxd6 23. Qe3 Bf6 24. a4 h6 25. h4 Kh7 26. Nb5 Bxb5 27. axb5
Qb4 28. Rc6 Qxb5 29. Rec1 Qa6 30. d6 Rxc6 31. Rxc6 Qa1+ 32. Kg2 Qxb2 33. Be6
Qb1 34. Qc3 f4 35. Bb3 e4 36. gxf4 Bxc3 0-1